Tārīkh al-athāth min aqdam al-ʻuṣūr /

محفوظ في:

المؤلف الرئيسي: ʻIzzat, Rajab (مؤلف)

التنسيق: كتاب

اللغة: Arabic

منشور في: [Cairo] : al-Hayʻah al-Miṣrīyah al-ʻāmmah lil-Kitāb, 1978.

الموضوعات:

الوسوم: إضافة وسم

لا توجد وسوم, كن أول من يضع وسما على هذه التسجيلة!

رقم الطلب: NK2270 .I99 1978

LEADER 01001nam a2200229Ia 4500
003 OSt
005 20230817122040.0
008 130303s1978 ua a 000 0 ara d
952 |0 0  |1 0  |2 lcc  |4 0  |6 NK2270 I99 01978  |7 1  |9 49620  |a ARCE  |b ARCE  |d 2023-08-17  |l 0  |o NK2270 .I99 1978  |p 1017736  |r 2023-08-17 00:00:00  |w 2023-08-17  |y BK 
999 |c 27047  |d 27047 
020 |a 9772014815 
040 |c ARCE Library 
050 4 |a NK2270 .I99 1978 
100 1 |6 880-01  |a ʻIzzat, Rajab,  |e author 
245 1 0 |6 880-02  |a Tārīkh al-athāth min aqdam al-ʻuṣūr /   |c Rajab ʻIzzat. 
264 1 |a [Cairo] :   |b al-Hayʻah al-Miṣrīyah al-ʻāmmah lil-Kitāb,   |c 1978. 
300 |a 387 pages :   |b illustrations ;   |c 25 cm. 
650 0 |a Furniture  |x History. 
880 1 |6 100-01/(3/r  |a عزت، رجب 
880 1 0 |6 245-02/(3/r  |a تاريخ الأثاث من أقدم العصور   |c رجب عزت.‪‪‪‪‪‪‪‪‪‪‪‪‪‪‪‪‪‪‪‪‪‪‪‪‪‪‪‪‪‪‪‪‪‪‪‪ 
901 |a reviewed 
942 |c BK  |2 lcc